| 000 | 00485nam a2200217Ia 4500 | ||
|---|---|---|---|
| 999 |
_c768 _d768 |
||
| 003 | 0100 | ||
| 008 | 130227s9999 xx 000 0 und d | ||
| 040 | _cARRUPELIB | ||
| 050 | _aDT632.A85 | ||
| 100 |
_aAzikiwe, Nnamdi _939069 |
||
| 245 | _aLiberia in world politics / | ||
| 260 |
_aLondon _bArthur H. Stockwell _c1934 |
||
| 300 | _a406p | ||
| 300 | _b 18cm | ||
| 650 |
_aLiberia _939050 |
||
| 942 |
_2lcc _cMONOGRAPH |
||